Час Быка: научно-фантастический роман

Dettagli Bibliografici
Autore principale: Ефремов И. А. Иван Антонович
Lingua:russo
Pubblicazione: Горький, Волго-Вятское книжное изд-во, 1988
Soggetti:
Natura: MixedMaterials Libro
KOHA link:https://koha.lib.tpu.ru/cgi-bin/koha/opac-detail.pl?biblionumber=94731

MARC

LEADER 00000nam0a2200000 4500
001 94731
005 20231101213952.0
010 |a 5742000480 
035 |a (RuTPU)RU\TPU\book\101479 
035 |a RU\TPU\book\101478 
090 |a 94731 
100 |a 20060414d1988 m y0rusy50 ca 
101 0 |a rus 
102 |a RU 
105 |a y z 000ay 
200 1 |a Час Быка  |e научно-фантастический роман  |f И. А. Ефремов 
210 |a Горький  |c Волго-Вятское книжное изд-во  |d 1988 
215 |a 384 с. 
610 1 |a романы 
610 1 |a фантастика 
675 |a Р2  |v 3 
700 1 |a Ефремов  |b И. А.  |c русский писатель  |c палеонтолог  |c доктор биологических наук  |f 1907-1972  |g Иван Антонович  |2 stltpush  |3 (RuTPU)RU\TPU\pers\18333  |9 6802 
801 0 |a RU  |b 63413507  |c 20011209  |g PSBO 
801 1 |a RU  |b 63413507  |c 20050915  |g PSBO 
801 2 |a RU  |b 63413507  |c 20170313  |g PSBO 
942 |c BK